LEADER 02329nam a2200361 i 4500 001 000000246615 003 CaOOAMICUS 005 20220628143403.0 008 151118s1852 it u000 u ita u 013 $a225520 040 $aSeMil$bita 100 1 $aBresciani, Antonio .$0(OLS)http://semarc/name/8182 245 10$aProse scelte del padre Antonio Bresciani della Compagnia di Gesù ; seguite dall'Arte di ben governare del p. Binet tradotta dal medesimo. 260 $aNapoli :$bA spese della Società Editrice,$c1852. 300 $a1 v. (paginazione varia) ;$c24 cm. 490 1 $aTesoro cattolico. Classe 3., Eloquenza, letteratura e varietà : scelta di opere antiche e moderne atte a sanar le piaghe religiose e politiche che affliggono l'odierna società ;$v9 700 1 $aBinet, Étienne <1569-1639>.$0(OLS)http://semarc/name/36398 774 0 $tDell'arte di ben governare.$w()298639 774 0 $tAmmonimenti di Tionide al giovine conte di Leone per conservare il frutto della buona educazione.$w()298683 774 0 $tAvvisi a chi vuol pigliar moglie.$w()298875 774 0 $tSaggio di alcune voci toscane d'arti, mestieri e cose domestiche.$w()298921 774 0 $tLettere descrittive.$w()299023 774 0 $tArmeria antica del re Carlo Alberto.$w()299489 774 0 $tViaggio nella Savoja nel Fossigny e nella Svizzera.$w()299592 774 0 $tVita del giovane egiziano Abulcher Bisciarah, alunno del Collegio urbano di Propaganda.$w()301050 774 0 $tLettere sopra il Tirolo tedesco.$w()300572 774 0 $tOrazione per le solenni esequie fatte all'arciduchessa Maria Beatrice di Savoia, duchessa di Modena.$w()301265 830 0$aTesoro cattolico. Classe 3., Eloquenza, letteratura e varietà : scelta di opere antiche e moderne atte a sanar le piaghe religiose e politiche che affliggono l'odierna società ;$v9.$0(OLS)http://semarc/title/44431 850 $aSeMil 852 $aSeMil$W1$xVenegono$y1$m3H VII 40 FA$j196961$B196961$CSeMilBibl$Z2$F207977 $8I 996 $6245$aProse scelte del padre Antonio Bresciani della Compagnia di Gesù ; seguite dall'Arte di ben governare del p. Binet tradotta dal medesimo$9(OLS)http://semarc/title/348403 996 $6260$aNapoli :$bA spese della Società Editrice$9(OLS)http://semarc/publisher/34411 LEADER 01318nam a2200277 i 4500 001 000000075738 003 CaOOAMICUS 005 20120720000000.0 008 120720s1997 xx u000 u spa u 013 $a46910 020 $a88-7652-737-0 040 $aSeMil$bita 100 1 $aSerres López de Guereñu, Roberto.$0(OLS)http://semarc/name/37398 245 10$a«Error recidens in condicionem sine qua non» (Can. 126) :$bestudio histórico-jurídico /$cRoberto Serres López de Guereñu. 260 $aRoma :$bPontificia Università Gregoriana,$cstampa 1997. 300 $a230 p. ;$c25 cm. 490 0 $aTesi Gregoriana. Serie Diritto canonico ;$v12 500 $aContiene : Bibliografia. 650 4$aErrore - Diritto canonico.$0(OLS)http://semarc/subject/15464 830 0$aTesi Gregoriana. Serie Diritto canonico ;$v12.$0(OLS)http://semarc/title/400183 850 $aSeMil 852 $aSeMil$W1$xVenegono$y1$m2HA B 12$j265149$B41890$CSeMilBibl$Z2$F41894 $81 961 $aSottoscrizione: Città Nuova 996 $6020$a88-7652-737-0$9(OLS)http://semarc/number/56401 996 $6245$a«Error recidens in condicionem sine qua non» (Can. 126) :$bestudio histórico-jurídico$9(OLS)http://semarc/title/122819 996 $6260$aRoma :$bPontificia Università Gregoriana$9(OLS)http://semarc/publisher/29750